000 00865nam a2200241 a 4500
005 20220904170651.0
008 081201s2004 mx r 000 0 spa d
020 _a8449316332
035 _aUPN01000168280
049 _aCG
050 4 _aDS62.8
_bG7.2
100 1 _aGresh, Alain
245 1 0 _a100 Claves para comprender Oriente próximo /
_cAlain Gresh, Dominique Vidal ; con la colaboración de Emmanuelle Pauly ; tr. de Godofredo Gonzáles.
260 _aBarcelona, Esp. :
_bPaidós,
_cc2004.
300 _a471 p. :
_bmapas
440 0 _aPaidós historia contemporánea ;
_v21
534 _pTitulo original:
_tLes 100 clés du proche-orient
650 0 _aConflicto árabe-israelí
_y1993-
_910202
651 4 _aMEDIO ORIENTE -
_xPOLITICA Y GOBIERNO
_911789
700 1 _aVidal, Dominique,
_ecoaut.
700 1 _aPauly, Emmanuelle,
_ecolab.
905 _aLibro
999 _c140387
_d140387